00305nam a2200121Ia 4500008004100000100001600041245004800057260003400105300000900139650001300148942000700161999001500168190216s9999||||xx |||||||||||||| ||und|| aTandon B C 0aEconomic Development Of Developed Countries bEnglish Language Book Society a678p aCommerce cBK c4106d4106